000 00659nab a2200193 4500
001 244442
003 OSt
005 20230731113932.0
007 tu
008 200917s2020|||||||
040 _aDE-2950
_cDE-2950
245 0 0 _aSanierung kann beginnen.
_bInvestition. Die Sporthalle in der Beckmannstraße in Frankfurt steht schon seit Jahren auf der Lister notwendiger Baumaßnahmen. In dieser Woche geht es los/
_cLisa Mahlke
264 _c2023
653 _aFrankfurt (Oder)
653 _aTurnhalle Beckmannstraße
653 _aSanierung
773 0 _g34. Jahrgang (2023) Nr. 165 vom 18.07.2023, S. 13, mit Foto
_tMärkische Oderzeitung
942 _2z
_cA
999 _c372645
_d372645